[Event "SVK-ch Amateurs"]
[Site "Liptovsky Jan"]
[Date "2023.06.15"]
[Round "1"]
[White "Petrovsky, Jan"]
[Black "Stricova, Viktoria Lea"]
[Result "1-0"]
[WhiteElo "1774"]
[BlackElo "1159"]
[PlyCount "85"]
[EventDate "2023.06.15"]
[EventType "swiss"]
[EventRounds "8"]
[EventCountry "SVK"]
[SourceTitle "CBM 214 Extra"]
[Source "ChessBase"]
[SourceDate "2023.07.31"]
[SourceVersion "1"]
[SourceVersionDate "2023.07.31"]
[SourceQuality "1"]

1. Nf3 Nf6 2. c4 Nc6 3. d4 d5 4. Nc3 Bg4 5. e3 e6 6. a3 Be7 7. h3 Bf5 8. Bd3 0-0 9. 0-0 dxc4 10. Bxc4 Qd6 11. b4 Ne4 12. Bb2 Nxc3 13. Bxc3 Bf6 14. Qb3 Rad8 15. b5 Ne7 16. Rfe1 Be4 17. Nd2 Bg6 18. Bb4 Qd7 19. Rac1 e5 20. dxe5 Bxe5 21. Nf3 Qf5 22. Bxe7 Bf6 23. Bxd8 Bxd8 24. Red1 Bh5 25. Be2 Bf6 26. Qd5 Qg6 27. Nd4 Bxe2 28. Nxe2 h6 29. Rxc7 b6 30. Nf4 Qg5 31. Qxg5 Bxg5 32. Rdd7 Bxf4 33. exf4 a5 34. bxa6 b5 35. a7 Kh7 36. Rb7 Re8 37. Rb8 Re1+ 38. Kh2 Ra1 39. a8Q Kg6 40. Qe4+ f5 41. Rb6+ Kh5 42. Qf3+ Kh4 43. g3# 1-0

[Event "Liptovsky Jan Slovak op U2200"]
[Site "Liptovsky Jan"]
[Date "2021.06.20"]
[Round "7"]
[White "Furman, Maximilian Jan"]
[Black "Petrovsky, Jan"]
[Result "1/2-1/2"]
[WhiteElo "1693"]
[BlackElo "1862"]
[PlyCount "91"]
[EventDate "2021.06.17"]
[EventType "swiss"]
[EventRounds "7"]
[EventCountry "SVK"]
[SourceTitle "CBM 203 Extra"]
[Source "ChessBase"]
[SourceDate "2021.09.30"]
[SourceVersion "1"]
[SourceVersionDate "2021.09.30"]
[SourceQuality "1"]

1. e4 c5 2. b4 b6 3. bxc5 bxc5 4. Nf3 Nc6 5. Bc4 d6 6. d4 cxd4 7. Nxd4 Bd7 8. 0-0 Nf6 9. Re1 Qb6 10. Nxc6 Bxc6 11. e5 dxe5 12. Rxe5 Rd8 13. Qe1 Qd4 14. Qc3 Qxc3 15. Nxc3 Nd7 16. Re2 e6 17. Nb5 Nb6 18. Bg5 Nxc4 19. Bxd8 Kxd8 20. Rd1+ Ke8 21. Nxa7 Bd7 22. Rb1 Bd6 23. Nb5 Bxb5 24. Rxb5 Ke7 25. Re4 Rc8 26. Re2 Rc7 27. Kf1 f6 28. h3 Na3 29. Rb6 Nxc2 30. Rd2 Be5 31. g3 g5 32. a4 Na3 33. Ra2 Nc4 34. Rb5 Kd7 35. a5 Nd6 36. Rb6 Bd4 37. Rb8 Nc8 38. a6 e5 39. Rb7 Ba7 40. Rc2 Bb6 41. Rcxc7+ Bxc7 42. a7 h5 43. Ke2 f5 44. Kf3 g4+ 45. hxg4 hxg4+ 46. Ke2 1/2-1/2

[Event "Tatry op"]
[Site "Tatranske Zruby"]
[Date "2020.09.27"]
[Round "3"]
[White "Chlpik, Martin"]
[Black "Petrovsky, Jan"]
[Result "1-0"]
[WhiteElo "2231"]
[BlackElo "1881"]
[PlyCount "95"]
[EventDate "2020.09.26"]
[EventType "swiss"]
[EventRounds "9"]
[EventCountry "SVK"]
[SourceTitle "CBM 198 Extra"]
[Source "ChessBase"]
[SourceDate "2020.11.30"]
[SourceVersion "1"]
[SourceVersionDate "2020.11.30"]
[SourceQuality "1"]

1. d4 Nf6 2. Nf3 d5 3. e3 Bg4 4. c4 c6 5. Nc3 e6 6. Be2 Nbd7 7. 0-0 Bd6 8. c5 Bc7 9. b4 a6 10. a4 0-0 11. h3 Bxf3 12. Bxf3 e5 13. Bd2 Re8 14. Re1 Nf8 15. b5 Ba5 16. Qc2 Ng6 17. g3 Qd7 18. bxc6 bxc6 19. Nxd5 Nxd5 20. Bxa5 Qxh3 21. Qe2 Qd7 22. Qf1 e4 23. Be2 f5 24. Qh3 Reb8 25. Rab1 Rxb1 26. Rxb1 Nge7 27. Bc4 h6 28. Qh5 Rf8 29. Rb6 Kh7 30. Rxa6 Qb7 31. Bb6 Nxb6 32. cxb6 Nd5 33. a5 Qb8 34. Bxd5 cxd5 35. Ra7 Qd6 36. Rf7 Ra8 37. Qxf5+ Kg8 38. Rd7 Qf8 39. Qxd5+ Kh8 40. b7 Re8 41. Qf7 Kh7 42. a6 Rd8 43. Qxf8 Rxf8 44. a7 h5 45. b8Q Rf6 46. a8Q Re6 47. Qg8+ Kh6 48. Qxg7# 1-0

[Event "SVK-chT2C 1617"]
[Site "Slovakia"]
[Date "2016.11.05"]
[Round "3.3"]
[White "Teglas, Balazs"]
[Black "Petrovsky, Jan"]
[Result "1-0"]
[WhiteElo "2245"]
[BlackElo "1980"]
[PlyCount "53"]
[EventDate "2016.10.08"]
[EventType "team-tourn"]
[EventRounds "11"]
[EventCountry "SVK"]
[SourceTitle "CBM 175 Extra"]
[Source "ChessBase"]
[SourceDate "2016.12.12"]
[SourceVersion "1"]
[SourceVersionDate "2016.12.12"]
[SourceQuality "1"]
[WhiteTeam "Cebovce"]
[BlackTeam "Podbrezova ZP Sport"]
[WhiteTeamCountry "SVK"]
[BlackTeamCountry "SVK"]

1. e4 e5 2. Nf3 Nc6 3. Nc3 Nf6 4. Be2 Bc5 5. Nxe5 Nxe5 6. d4 Bxd4 7. Qxd4 Nc6 8. Qd3 d6 9. Bg5 h6 10. Bh4 Ne5 11. Qd4 Nc6 12. Qd2 g5 13. Bg3 Be6 14. 0-0-0 Nd7 15. h4 g4 16. f4 gxf3 17. gxf3 Nb6 18. Nd5 Bxd5 19. exd5 Ne7 20. Bb5+ c6 21. dxc6 bxc6 22. Qc3 0-0 23. Bxd6 Nbd5 24. Rhg1+ Ng6 25. Qxc6 Nde7 26. Qe4 Qa5 27. Bd7 1-0

[Event "SVK-chT2C 0506"]
[Site "Slovakia"]
[Date "2006.03.12"]
[Round "11"]
[White "Turiak, Anton"]
[Black "Petrovsky, Jan"]
[Result "1-0"]
[WhiteElo "1893"]
[BlackElo "1812"]
[PlyCount "85"]
[EventDate "2005.10.22"]
[EventType "team-tourn"]
[EventRounds "11"]
[EventCountry "SVK"]
[SourceTitle "EXT 2009"]
[Source "ChessBase"]
[SourceDate "2008.11.26"]
[SourceVersion "1"]
[SourceVersionDate "2008.11.26"]
[SourceQuality "1"]

1. e4 d5 2. exd5 Qxd5 3. Nc3 Qd8 4. d4 c6 5. Nf3 Bf5 6. Bd3 Bxd3 7. Qxd3 h6 8. Bd2 e6 9. 0-0-0 Nf6 10. Ne4 Nbd7 11. c4 Nxe4 12. Qxe4 Nf6 13. Qe2 Bd6 14. Bc3 0-0 15. Ne5 Qe7 16. f4 Bb4 17. Bxb4 Qxb4 18. g4 Rad8 19. g5 hxg5 20. fxg5 Nd7 21. Nf3 Rde8 22. h4 Qa5 23. Rd3 Qxa2 24. Ra3 Qxa3 25. bxa3 c5 26. dxc5 Nxc5 27. h5 e5 28. Kc2 e4 29. Nd4 Rd8 30. Nb3 Na4 31. Qxe4 Rfe8 32. Qf3 Re7 33. h6 Rd6 34. hxg7 Kxg7 35. Qh3 Re2+ 36. Kc1 Kf8 37. Qc8+ Ke7 38. Qxb7+ Kf8 39. Qb4 Ree6 40. Rd1 Kg7 41. Rxd6 a5 42. Qd2 Re4 43. Qd4+ 1-0

[Event "SVK-chT2C 0506"]
[Site "Slovakia"]
[Date "2005.11.26"]
[Round "3.8"]
[White "Paur, Dusan"]
[Black "Petrovsky, Jan"]
[Result "1/2-1/2"]
[WhiteElo "1958"]
[BlackElo "1812"]
[PlyCount "117"]
[EventDate "2005.10.22"]
[EventType "team-tourn"]
[EventRounds "11"]
[EventCountry "SVK"]
[SourceTitle "EXT 2009"]
[Source "ChessBase"]
[SourceDate "2008.11.26"]
[SourceVersion "1"]
[SourceVersionDate "2008.11.26"]
[SourceQuality "1"]

1. e4 c5 2. Nf3 d6 3. c4 e5 4. Nc3 Nc6 5. d3 h6 6. Be2 Be6 7. a3 Nge7 8. Rb1 a5 9. Bd2 Ng6 10. Nd5 Bxd5 11. exd5 Nb8 12. b4 axb4 13. axb4 b6 14. 0-0 Be7 15. bxc5 bxc5 16. Qb3 0-0 17. Ra1 Nd7 18. Rfb1 Rxa1 19. Rxa1 Qc7 20. Bf1 Rb8 21. Qa3 Qb7 22. g3 Ngf8 23. Bh3 Kh7 24. Bxd7 Nxd7 25. Kg2 f5 26. Bc3 g5 27. Qa7 Kg6 28. Nd2 Nf6 29. h3 Kf7 30. Ra6 h5 31. f3 g4 32. hxg4 fxg4 33. f4 Qxa7 34. Rxa7 exf4 35. gxf4 Rb6 36. Bxf6 Kxf6 37. Ne4+ Kf7 38. Kg3 Rb3 39. Nxd6+ Kf8 40. Ra8+ Kg7 41. Nf5+ Kf6 42. Nxe7 Rxd3+ 43. Kg2 Kxe7 44. Rh8 Rf3 45. Rxh5 Rxf4 46. Rh6 Rxc4 47. Rc6 Rc3 48. Kf2 c4 49. Kg2 Kd7 50. Kf2 Rf3+ 51. Kg1 Rf4 52. Kg2 Rd4 53. Kg3 Re4 54. Kg2 Rf4 55. Kg3 Rd4 56. Kg2 c3 57. Rxc3 Kd6 58. Rc8 Kxd5 59. Rd8+ 1/2-1/2